|
|
|
|
| LEADER |
00000nam0a2200000 4500 |
| 001 |
81957 |
| 005 |
20231031095428.0 |
| 010 |
|
|
|b 8000 экз.
|a 595241348X
|b (в пер.)
|
| 021 |
|
|
|a RU
|b 05-10897
|9 05-561
|
| 035 |
|
|
|a (RuTPU)RU\TPU\book\88086
|
| 090 |
|
|
|a 81957
|
| 100 |
|
|
|a 20050926d2004 m y0rusy5002 ca
|
| 101 |
0 |
|
|a rus
|
| 102 |
|
|
|a RU
|
| 105 |
|
|
|a y z 000ay
|
| 200 |
1 |
|
|a Этюд в багровых штанах
|e роман
|f Анастасия Монастырская
|
| 210 |
|
|
|a Москва
|a СПб.
|c Центрполиграф
|c МиМ-Дельта
|d 2004
|
| 215 |
|
|
|a 334, [2] с.
|d 21 см.
|
| 225 |
1 |
|
|a Следствие ведет Стефания Иванова
|
| 330 |
|
|
|a Только Стефания Иванова решалась отдать руку и сердце давнему поклоннику, как на пороге ее дома возникла... супруга незадачливого «жениха». Впрочем, при ближайшем рассмотрении Анна Федорова оказалась милейшей особой, к тому же до смерти напуганной. Оказывается, за последние полгода убили двух сотрудниц Анны, и она уверена, что станет следующей жертвой. Вскоре ее действительно убивают, причем в преступлении подозревают Стефанию. Выход один — устроиться в рекламное агентство, где трудилась Анна, и разобраться, что же там происходит...
|
| 333 |
|
|
|a Исключено из фонда НТБ ТПУ
|
| 675 |
|
|
|a Р2
|v 3
|z rus
|
| 700 |
|
1 |
|a Монастырская
|b А. А.
|g Анастасия Анатольевна
|4 070
|
| 801 |
|
0 |
|a RU
|b RKP
|c 20050404
|g PSBO
|
| 801 |
|
1 |
|a RU
|b 63413507
|c 20050926
|g PSBO
|
| 801 |
|
2 |
|a RU
|b 63413507
|c 20221117
|g PSBO
|
| 942 |
|
|
|c BK
|